Memoria presentada por el Consejo de Administración á la Junta General de Señores Accionistas celebrada el 7 de mayo de 1884 (Record no. 173702)

MARC details
000 -LEADER
campo de control de longitud fija 00648nam a22001575i 4500
001 - NÚMERO DE CONTROL
campo de control 173702
003 - IDENTIFICADOR DE NÚMERO DE CONTROL
campo de control ES-MaACL
005 - FECHA Y HORA DE LA ÚLTIMA TRANSACCIÓN
campo de control 20230906215323.0
008 - DATOS DE LONGITUD FIJA--INFORMACIÓN GENERAL
campo de control de longitud fija 100112s1884 sp |||| | spa d
245 00 - MENCIÓN DEL TÍTULO
Título Memoria presentada por el Consejo de Administración á la Junta General de Señores Accionistas celebrada el 7 de mayo de 1884
Resto del título : ejercicio de 1883.
260 ## - PUBLICACIÓN, DISTRIBUCIÓN, ETC.
Lugar de publicación, distribución, etc. Madrid :
Nombre del editor, distribuidor, etc. [s.n.],
Fecha de publicación, distribución, etc. 1884 (
Fabricante Imp. Central)
300 ## - DESCRIPCIÓN FÍSICA
Extensión 15 p. ;
Dimensiones 23 cm.
594 ## - Nota al título y mención de responsabilidad
Nota al título y mención de responsabilidad Precede al tít.: Compañía del Tranvía de Madrid á Arganda por Vallecas.
710 2# - ENTRADA AGREGADA--NOMBRE DE ENTIDAD CORPORATIVA
Nombre de entidad corporativa o nombre de jurisdicción como elemento de entrada Compañia del Tranvía de Madrid a Arganda por Vallecas.
9 (RLIN) 141905
852 ## - LOCALIZACIÓN
Ubicación ES-MaACL
Número de control de estantería T-381-F-2
Holdings
Estatus retirado Estado de pérdida Estado de daño No para préstamo Colección Biblioteca de origen Biblioteca actual Ubicación en estantería Fecha de adquisición Fuente de adquisición Total de préstamos Signatura topográfica completa Código de barras Visto por última vez Precio de reemplazo Tipo de ítem Koha
        Colección de folletos Biblioteca del Ateneo de Madrid Biblioteca del Ateneo de Madrid Depósito folletos 12/01/2010     T-381-F-2 1182302 23/02/2023 23/02/2023 Folleto